000 01265nmc a2200433 a 4500
003 AR-BaBNM
005 20251128203813.0
008 011101s1992 ||||||||||||||000 | spa||
020 _a950-12-2100-8
040 _cAR-BaBNM
245 1 0 _aUn jardín de infantes mejor
_bsiete propuestas
260 _aBuenos Aires
_bPaidós
_c1992
300 0 _a182 p.
_bgráfs.
490 0 _aPaidós educador
_v100
504 _aContiene bibliografía
650 4 _aEDUCACION DE LA PRIMERA INFANCIA
650 4 _aEDUCACION DEL NINO
650 4 _aDESARROLLO COGNOSCITIVO
650 4 _aDESARROLLO DEL NINO
650 4 _aDESARROLLO DE LA CREATIVIDAD
650 4 _aJUEGOS EDUCATIVOS
650 4 _aJUEGOS INFANTILES
650 4 _aPLANIFICACION
650 4 _aMEDIOS AUDIOVISUALES
650 4 _aROL DEL DOCENTE
653 0 _aEDUCACION INICIAL
653 0 _aJARDINES DE INFANTES
653 0 _aCENTROS DE EDUCACION INICIAL
700 1 _aPenchansky de Bosch, Lydia
700 1 _aR.de Cañeque,Hilda
700 1 _aSan Martin de Duprat, Hebe
700 1 _aGalperín, Susana
700 1 _aGlanzer, Martha
700 1 _aMenegazzo, Lilia F. de
800 1 _aRomero Brest, Gilda Lamarque de
800 1 _aBernstein, Jaime
942 _cBK
998 _cMARTIN
999 _c4991
_d4991